01109 2200325 4500001002100000005001500021035002000036007000300056008004100059020002200100082001800122084002000140100002800160245016700188250003400355300006000389650002200449700002400471700003700495504003200532264004500564336002100609337003000630338002300660040002200683090002200705850001200727999002200739990002200761INLIS00000000087216520220824021212 a0010-0822000770ta220816s2022 yoia g ind d a978-623-88078-9-504223a615.32432 a615.32432 RAD a0 aRadiah IlhamePengarang10aAloe vera tea (teh lidah buaya) :buntuk menurunkan kadar gula darah puasa pada penderita diabetes militus tipe 2 /cRadiah Ilham, Sudirman, Dwi Ari Murti Widagdo aCetakan pertama, Agustus 2022 av, 90 halaman :bilustrasi, bagan, tabel, peta ;c20 cm 4aAloe vera--xObat0 aSudirmanePengarang aDwi Ari Murti Widagdoepengarang aBibliografi : halaman 75-8731aBantul :bMuhammad Fahmi Al Azizy,c2022 2rdacontentateks 2rdamediaatanpa perantara 2rdacarrieravolume aYOPDYOGbinderda aCB-D.11 2022-0755 aYOPDYOG aCB-D.11/2022-0755 aCB-D.11/2022-0755